000 00444nam a22001577a 4500
003 OSt
005 20260209080634.0
008 260209b |||||||| |||| 00| 0 eng d
020 _a0517542587
040 _cHARMONY BOOKS
050 _aTL 788 .I44 1981
_b.I44 1981
245 _aTHE ILLUSTRATED ENCYCLOPEDIA OF SPACE TECHNOLOGY/
_cPHILIP DE STE. CROIX
250 _a1st edition
260 _aNEWYORK:
_bHARMONY BOOKS,
_c1981.
942 _2lcc
_cBK
_n0
999 _c9941
_d9941